Central Library OPAC University of Rajshahi

The Penguin history of Latin America / (Record no. 74508)

MARC details
000 -LEADER
fixed length control field 00803aam a2200265 a 4500
001 - CONTROL NUMBER
control field 74508
003 - CONTROL NUMBER IDENTIFIER
rucl marc code BD-RjUL
005 - DATE AND TIME OF LATEST TRANSACTION
control field 20211209082549.0
008 - FIXED-LENGTH DATA ELEMENTS--GENERAL INFORMATION
fixed length control field 181010s2009 enkb b 001 0 eng d
020 ## - INTERNATIONAL STANDARD BOOK NUMBER
International Standard Book Number 9780141034751 (pbk.)
International Standard Book Number 0141034750 (pbk.)
035 ## - SYSTEM CONTROL NUMBER
System control number (Uk)015360948
040 ## - CATALOGING SOURCE
Original cataloging agency StDuBDS
Language of cataloging eng
Transcribing agency StDuBDS
Modifying agency BD-RjUL
041 ## - LANGUAGE CODE
Language code of text/sound track or separate title eng
082 04 - DEWEY DECIMAL CLASSIFICATION NUMBER
Classification number 980
Edition number 22
100 1# - MAIN ENTRY--PERSONAL NAME
Personal name Williamson, Edwin.
9 (RLIN) 223539
245 14 - TITLE STATEMENT
Title The Penguin history of Latin America /
Statement of responsibility, etc. Edwin Williamson.
250 ## - EDITION STATEMENT
Edition statement Rev. ed.
260 ## - PUBLICATION, DISTRIBUTION, ETC. (IMPRINT)
Place of publication, distribution, etc. London ;
-- New York :
Name of publisher, distributor, etc. Penguin,
Date of publication, distribution, etc. 2009.
300 ## - PHYSICAL DESCRIPTION
Pagination viii, 705 p. :
Illustrations maps ;
Size 20 cm.
500 ## - GENERAL NOTE
General note Previous ed.: London: Allen Lane, 1992.
504 ## - BIBLIOGRAPHY, ETC. NOTE
Bibliography, etc Includes bibliographical references and index.
651 #0 - SUBJECT ADDED ENTRY--GEOGRAPHIC NAME
Geographic name Latin America
General subdivision History.
9 (RLIN) 223540
942 ## - ADDED ENTRY ELEMENTS (KOHA)
Source of classification or shelving scheme Dewey Decimal Classification
Koha item type Books
Holdings
Lost status Source of classification or shelving scheme Damaged status Not for loan Collection code Permanent Location Current Location Shelving location Date acquired Source of acquisition Cost, normal purchase price Total Checkouts Full call number Date last seen Copy number Koha item type
  Dewey Decimal Classification   Not For Loan Non-fiction Central Library, University of Rajshahi Central Library, University of Rajshahi Reading Room 23/09/2018 Orbital International, Dhaka 1286.01   980 WIP 2009 10/10/2018 C-1 Books
  Dewey Decimal Classification     Non-fiction Central Library, University of Rajshahi Central Library, University of Rajshahi   23/09/2018 Orbital International, Dhaka 1286.01   980 WIP 2009 10/10/2018 C-2 Books
  Dewey Decimal Classification     Non-fiction Central Library, University of Rajshahi Central Library, University of Rajshahi   23/09/2018 Orbital International, Dhaka 1286.01   980 WIP 2009 10/10/2018 C-3 Books
  Dewey Decimal Classification     Non-fiction Central Library, University of Rajshahi Central Library, University of Rajshahi   23/09/2018 Orbital International, Dhaka 1286.01   980 WIP 2009 10/10/2018 C-4 Books
  Dewey Decimal Classification     Non-fiction Central Library, University of Rajshahi Central Library, University of Rajshahi   23/09/2018 Orbital International, Dhaka 1286.01   980 WIP 2009 10/10/2018 C-5 Books